000 01414nam a22003255a 4500
999 _c27098
_d27070
003 EG-ScBUE
005 20190207142313.0
008 190207s2011 ua frbe 000 0 ara d
040 _aEG-ScBUE
_bara
_cEG-ScBUE
_dEG-ScBUE
043 _af-ua---
082 0 4 _a346.62070269 
_bم ر ا
_222
100 1 _aمراد، عبد الفتاح.
245 1 0 _aموسوعة شرح قوانين المحاكم الاقتصادية /
_cعبد الفتاح مراد.
246 3 4 _aEncyclopedia of explanation of economic courts' laws
250 _aط. 1، نادي القضاة.
260 _a[القاهرة] :
_bنادي القضاة،
_c2011.
300 _a3 مج. ؛
_c24 سم.
504 _aيشتمل على إرجاعات ببليوجرافية.
541 _aد. أحمد حمد ؛
_cإهداء ؛
610 1 7 _aمصر.
_tقانون المحاكم الاقتصادية رقم 120 / 2008.
_2BUEsh
610 1 7 _aمصر.
_bمحكمة النقض.
_2BUEsh
_940940
610 1 7 _aمصر.
_bالمحكمة الدستورية العليا.
_2BUEsh
_941178
650 7 _aالمحاكم التجارية
_zمصر.
_2BUEsh
650 7 _aالمحاكم
_xقوانين وتشريعات
_zمصر.
_2BUEsh
650 7 _aالاقتصاد
_xقوانين وتشريعات
_zمصر.
_2BUEsh
_941055
650 7 _aالقانون التجاري
_zمصر.
_2BUEsh
651 _2BUEsh
653 _bLLAAWW
_cFebruary2019
942 _2ddc